Southville International School and Colleges
Your cart is empty.
  • Cart
  • Lists
    Public lists Eva Luna New books Lux_list list_1
    Your lists Log in to create your own lists
  • Log in to your account
  • Your cookies
  • Search history
Southville International School and Colleges
  • Advanced search
  • Recent comments
  • Most popular
  • Libraries

Log in to your account

Log in with GOOGLE


If you do not have an external account, but do have a local account, you can still log in:

  1. Home
  2. MARC view: Youth basketball drills /
Normal view MARC view ISBD view

Youth basketball drills / (Record no. 357875)

[ view plain ]
MARC details
000 -LEADER
fixed length control field 00568nam a2200217Ia 4500
008 - FIXED-LENGTH DATA ELEMENTS--GENERAL INFORMATION
fixed length control field 180523s9999 xx 000 0 und d
020 ## - INTERNATIONAL STANDARD BOOK NUMBER
International Standard Book Number 978-1-4504-3219-1
050 ## - LIBRARY OF CONGRESS CALL NUMBER
Classification number MAIN GV 886.3
050 ## - LIBRARY OF CONGRESS CALL NUMBER
Item number .P39 2013
100 ## - MAIN ENTRY--PERSONAL NAME
Personal name Paye, Burrall.
245 #0 - TITLE STATEMENT
Title Youth basketball drills /
245 #0 - TITLE STATEMENT
Statement of responsibility, etc Burrall Paye, Patrick Paye.
250 ## - EDITION STATEMENT
Edition statement 2nd edition.
260 ## - PUBLICATION, DISTRIBUTION, ETC. (IMPRINT)
Place of publication, distribution, etc Champaign, IL :
260 ## - PUBLICATION, DISTRIBUTION, ETC. (IMPRINT)
Name of publisher, distributor, etc Human Kinetics,
260 ## - PUBLICATION, DISTRIBUTION, ETC. (IMPRINT)
Date of publication, distribution, etc 2013
300 ## - PHYSICAL DESCRIPTION
Extent 345 pages :
300 ## - PHYSICAL DESCRIPTION
Other physical details illustrations ;
300 ## - PHYSICAL DESCRIPTION
Dimensions 26 cm.
650 ## - SUBJECT ADDED ENTRY--TOPICAL TERM
Topical term or geographic name as entry element Youth league basketball -- Coaching.
Holdings
Withdrawn status Lost status Damaged status Home library Current library Shelving location Date acquired Cost, normal purchase price Total Checkouts Total Renewals Full call number Barcode Date last seen Date checked out Price effective from Koha item type
      South Mansfield College South Mansfield College   02/14/2017 2025.00 1 22 MAIN GV 886.3 .P39 2013 SMC06103 06/01/2020 07/09/2018 05/23/2018 Books

Youth basketball drills /

APA

Paye B., .Youth basketball drills. Champaign, IL: .

Chicago

Paye Burrall, .Youth basketball drills. Champaign, IL: .

Harvard

Paye B., .Youth basketball drills. Champaign, IL: .

MLA

Paye Burrall, .Champaign, IL: . .

  • Place hold
  • Print
  • Cite
  • Add to your cart (remove)
  • Save record
    BIBTEX Dublin Core MARCXML MARC (non-Unicode/MARC-8) MARC (Unicode/UTF-8) MARC (Unicode/UTF-8, Standard) MODS (XML) RIS
  • More searches
    Search for this title in:
    Other Libraries (WorldCat) Other Databases (Google Scholar) Online Stores (Bookfinder.com) Open Library (openlibrary.org)

Exporting to Dublin Core...

SOUTHVILLE LIBRARY

Southville International School and Colleges Library

1281 Tropical Ave. Cor. Luxembourg St., BF Homes International, Las Pinas City

Tel. No. 8256374 / 252358 Loc. 117/146

Powered by Koha